000
00376nam a22001577a 4500
003
MPLRDC
005
20220104152756.0
008
210129b ||||| |||| 00| 0 eng d
082
_a
944.4 FBS
100
_a
傅抱石编
245
_a
国画写山要法
_c
260
_a
_b
宏图出版社
_c
300
_b
平
650
_a
中国画法--山水画
942
_c
BK
_o
944.4 FBS
999
_c
53086
_d
53076